| 000 | 01182nam0a22002771 4500 | ||
|---|---|---|---|
| 001 | rc\4520624 | ||
| 005 | 20250612105621.0 | ||
| 021 |
_aRU _b[60-26400ж] |
||
| 035 | _a(NLR Aleph) 008624959 | ||
| 090 |
_a8846767 _c8846767 |
||
| 100 | _a20130416d1960 |||y0rusy50 ca | ||
| 101 | 0 | _arus | |
| 102 | _aRU | ||
| 105 | _aa z |||a| | ||
| 200 | 1 |
_aРоман Бальзака "Шагреневая кожа" _eОб авторской правке отрывка "Une Debauche" и первой редакции романа "Шагреневая кожа" |
|
| 210 |
_aТюмень _cБ. и. _d1960 |
||
| 215 |
_a31 с. _cил. _d20 |
||
| 225 | 1 |
_aИшимский государственный педагогический институт. Ученые записки _vТ. 4. Вып. 1 |
|
| 300 | _aПеред загл. авт.: Г. Кирий, канд. филол. наук | ||
| 604 |
_150010$aШагреневая кожа _1700#1$aБальзак$bО. де$f1799-1850$gОноре де |
||
| 700 | 1 |
_aКирий _bГ.К. _gГригорий Кондратьевич |
|
| 801 | 0 |
_aRU _bNLR _gpsbo |
|
| 801 | 1 |
_aRU _bELAR _2rusmarc |
|
| 852 |
_aNLR _jП1/260 |
||
| 942 | _cBOOK | ||
| 980 | _aNB | ||